000 00898 a2200277 4500
003 OSt
005 20180116192401.0
008 120702t xxu||||| |||| 00| 0 eng d
010 _a 87015227
020 _a0918825393 :
020 _a9780714829531
040 _c0
082 0 0 _a730.924
100 1 _aAvery, Charles.
_95067
245 1 0 _aGiambologna :
_bthe complete sculpture /
_cCharles Avery ; principal photographs by David Finn.
250 _a1st ed.
260 _aMt. Kisco, N.Y. :
_bMoyer Bell,
_cc1987.
300 _a288 p. :
_bill. (some col.) ;
_c31 cm.
500 _aIncludes index.
600 0 0 _aGiambologna,
_d1529-1608
_95068
650 1 0 _aSculpture, Italian
_y16th century
_95069
650 1 0 _aMannerism (Art)
_zItaly
_95070
700 1 _aFinn, David,
_d1921-
_95071
942 _aSADA
_cBK
_k730.924 AVE 1987
_2ddc
999 _c353306
_d353306